00573 a2200169 4500010001400000020002400014035001300038037001800051082001000069100001600079245007200095260004900167270008500216300002800301500004900329700002500378 aENG-85887 a8131300889c1295.00 aEN-69420 bD.B.Act / Pub14a333.714aQazi, S. A.1 aNatural resource conservationcby S. A. Qazi and Navaid Shabir Qazi aNew DelhibAPH Publishing Corporatioonc2007 a5, Ansari Road, Darya GanjbNew Delhie110 002k011- 23274050maphbooks@vsnl.net ax, 452 p.b22 cm ( Hb.) aincludes bibliographical refrences and index1 aQazi, Navaqid Shabir